Zbierka úloh z vyššej matematiky

Na minha lista:
Detalhes bibliográficos
Autor principal: Eliáš, Jozef
Outros Autores: Horváth, Ján, Kajan, Juraj
Formato: Livro
Idioma:eslovaco
Publicado em: Bratislava Alfa 1979
Edição:5. vyd.
Colecção:Edícia teoretickej literatúry
Tags: Adicionar Tag
Sem tags, seja o primeiro a adicionar uma tag!

MARC

LEADER 00000nam a2200000 4500
001 c111555
005 20250522111733.6
041 0 |a slo 
044 |a SK 
245 1 0 |a Zbierka úloh z vyššej matematiky  |c Jozef Eliáš, Ján Horváth, Juraj Kajan 
250 |a 5. vyd. 
264 1 |a Bratislava  |b Alfa  |c 1979 
300 |a 291 s. 
490 1 |a Edícia teoretickej literatúry 
830 0 |a Edícia teoretickej literatúry 
100 1 |a Eliáš, Jozef 
700 1 |a Horváth, Ján 
700 1 |a Kajan, Juraj